000
00321nam a2200109Ia 4500
008
200302s9999 xx 000 0 und d
100
_a
Kalpana Markandey and others
245
_a
Urban Growth Theories and Settlement Systems of India
260
_b
Concept Publishing Company Pvt., Ltd.,
260
_c
2011
300
_a
329 P.,
999
_c
5641
_d
5641